<?xml version="1.0" encoding="UTF-8"?>
<record
    xmlns:xsi="http://www.w3.org/2001/XMLSchema-instance"
    xsi:schemaLocation="http://www.loc.gov/MARC21/slim http://www.loc.gov/standards/marcxml/schema/MARC21slim.xsd"
    xmlns="http://www.loc.gov/MARC21/slim">

  <leader>00999nam a2200265 a 4500</leader>
  <controlfield tag="001">44884</controlfield>
  <controlfield tag="003">BD-RjUL</controlfield>
  <controlfield tag="005">20211209053930.0</controlfield>
  <controlfield tag="008">160720m19721965i  a|||| |||| 00| 0 ben d</controlfield>
  <datafield tag="020" ind1=" " ind2=" ">
    <subfield code="a">: IRs 16.00 (v-1) </subfield>
  </datafield>
  <datafield tag="035" ind1=" " ind2=" ">
    <subfield code="a">(BD-RjUL)45002</subfield>
  </datafield>
  <datafield tag="040" ind1=" " ind2=" ">
    <subfield code="a">BD-RjUL</subfield>
    <subfield code="b">ben</subfield>
    <subfield code="c">BD-RjUL</subfield>
  </datafield>
  <datafield tag="041" ind1=" " ind2=" ">
    <subfield code="a">ben</subfield>
  </datafield>
  <datafield tag="082" ind1=" " ind2=" ">
    <subfield code="2">23</subfield>
    <subfield code="a">891.44092</subfield>
    <subfield code="b">ROS 1972</subfield>
  </datafield>
  <datafield tag="100" ind1="1" ind2=" ">
    <subfield code="a"> &#x9B0;&#x9BE;&#x9AF;&#x9BC;, &#x997;&#x9CB;&#x9AA;&#x9BE;&#x9B2; &#x99A;&#x9A8;&#x9CD;&#x9A6;&#x9CD;&#x9B0;</subfield>
    <subfield code="9">137534</subfield>
  </datafield>
  <datafield tag="245" ind1="1" ind2="0">
    <subfield code="a">&#x9B6;&#x9B0;&#x9CE;&#x99A;&#x9A8;&#x9CD;&#x9A6;&#x9CD;&#x9B0; /</subfield>
    <subfield code="c">&#x997;&#x9CB;&#x9AA;&#x9BE;&#x9B2; &#x99A;&#x9A8;&#x9CD;&#x9A6;&#x9CD;&#x9B0; &#x9B0;&#x9BE;&#x9AF;&#x9BC;</subfield>
  </datafield>
  <datafield tag="260" ind1=" " ind2=" ">
    <subfield code="a">&#x995;&#x9B2;&#x9BF;&#x995;&#x9BE;&#x9A4;&#x9BE; : </subfield>
    <subfield code="b">&#x9B8;&#x9BE;&#x9B9;&#x9BF;&#x9A4;&#x9CD;&#x9AF; &#x9B8;&#x9A6;&#x9A8;, </subfield>
    <subfield code="c">&#x9E7;&#x9EF;&#x9EC;&#x9EB;-&#x9E7;&#x9EF;&#x9ED;&#x9E8;</subfield>
  </datafield>
  <datafield tag="300" ind1=" " ind2=" ">
    <subfield code="a"> &#x996;&#x9A3;&#x9CD;&#x9A1;. :</subfield>
    <subfield code="b">&#x99A;&#x9BF;&#x9A4;&#x9CD;&#x9B0; ; </subfield>
    <subfield code="c">&#x9E8;&#x9E6; &#x9B8;&#x9C7;&#x9AE;&#x9BF;.</subfield>
  </datafield>
  <datafield tag="505" ind1="0" ind2=" ">
    <subfield code="a">&#x996;&#x9A3;&#x9CD;&#x9A1; &#x9E7; -- -&#x996;&#x9A3;&#x9CD;&#x9A1;. -- &#x996;&#x9A8;&#x9CD;&#x9A1;. &#x9E9; --</subfield>
  </datafield>
  <datafield tag="600" ind1=" " ind2=" ">
    <subfield code="a">&#x9B6;&#x9B0;&#x9CE;&#x99A;&#x9A8;&#x9CD;&#x9A6;&#x9CD;&#x9B0; </subfield>
    <subfield code="9">186520</subfield>
  </datafield>
  <datafield tag="600" ind1=" " ind2=" ">
    <subfield code="a">Shorotchandra</subfield>
    <subfield code="9">191660</subfield>
  </datafield>
  <datafield tag="650" ind1=" " ind2=" ">
    <subfield code="a">&#x9AC;&#x9BE;&#x982;&#x9B2;&#x9BE; &#x9B2;&#x9C7;&#x996;&#x995; </subfield>
    <subfield code="x">&#x99C;&#x9C0;&#x9AC;&#x9A8;&#x9C0;</subfield>
    <subfield code="9">137537</subfield>
  </datafield>
  <datafield tag="650" ind1=" " ind2=" ">
    <subfield code="a">Bengali  Writer </subfield>
    <subfield code="x">Biography</subfield>
    <subfield code="9">137538</subfield>
  </datafield>
  <datafield tag="942" ind1=" " ind2=" ">
    <subfield code="2">ddc</subfield>
    <subfield code="c">BK</subfield>
  </datafield>
  <datafield tag="999" ind1=" " ind2=" ">
    <subfield code="c">44884</subfield>
    <subfield code="d">44884</subfield>
  </datafield>
  <datafield tag="952" ind1=" " ind2=" ">
    <subfield code="0">0</subfield>
    <subfield code="1">0</subfield>
    <subfield code="2">ddc</subfield>
    <subfield code="4">0</subfield>
    <subfield code="7">0</subfield>
    <subfield code="8">NFIC</subfield>
    <subfield code="a">RUCL</subfield>
    <subfield code="b">RUCL</subfield>
    <subfield code="c">Stack</subfield>
    <subfield code="d">1973-09-26</subfield>
    <subfield code="g">20.00</subfield>
    <subfield code="l">0</subfield>
    <subfield code="o">B 891.44092 ROS V-2 1972</subfield>
    <subfield code="r">2016-07-20 00:00:00</subfield>
    <subfield code="t">C-2</subfield>
    <subfield code="w">2021-12-09</subfield>
    <subfield code="y">BK</subfield>
  </datafield>
  <datafield tag="952" ind1=" " ind2=" ">
    <subfield code="0">0</subfield>
    <subfield code="1">0</subfield>
    <subfield code="2">ddc</subfield>
    <subfield code="4">0</subfield>
    <subfield code="7">0</subfield>
    <subfield code="8">NFIC</subfield>
    <subfield code="a">RUCL</subfield>
    <subfield code="b">RUCL</subfield>
    <subfield code="c">Stack</subfield>
    <subfield code="d">1973-08-14</subfield>
    <subfield code="e">Paragon Enterprises Dhaka</subfield>
    <subfield code="l">0</subfield>
    <subfield code="o">B 891.44092 ROS V-1 1965 </subfield>
    <subfield code="r">2016-09-20 00:00:00</subfield>
    <subfield code="t">C-2</subfield>
    <subfield code="w">2016-09-20</subfield>
    <subfield code="y">BK</subfield>
  </datafield>
  <datafield tag="952" ind1=" " ind2=" ">
    <subfield code="0">0</subfield>
    <subfield code="1">0</subfield>
    <subfield code="2">ddc</subfield>
    <subfield code="4">0</subfield>
    <subfield code="7">1</subfield>
    <subfield code="8">NFIC</subfield>
    <subfield code="a">RUCL</subfield>
    <subfield code="b">RUCL</subfield>
    <subfield code="c">Reading</subfield>
    <subfield code="d">1973-05-26</subfield>
    <subfield code="e">Raj. sonchita</subfield>
    <subfield code="g">18.75</subfield>
    <subfield code="l">0</subfield>
    <subfield code="o">B 891.44092 ROS V-3 1969</subfield>
    <subfield code="r">2017-02-16 00:00:00</subfield>
    <subfield code="t">C-1</subfield>
    <subfield code="w">2021-12-09</subfield>
    <subfield code="y">BK</subfield>
  </datafield>
  <datafield tag="952" ind1=" " ind2=" ">
    <subfield code="0">0</subfield>
    <subfield code="1">0</subfield>
    <subfield code="2">ddc</subfield>
    <subfield code="4">0</subfield>
    <subfield code="7">0</subfield>
    <subfield code="8">NFIC</subfield>
    <subfield code="a">RUCL</subfield>
    <subfield code="b">RUCL</subfield>
    <subfield code="c">Stack</subfield>
    <subfield code="d">1971-12-07</subfield>
    <subfield code="e">Indian, High Commission</subfield>
    <subfield code="l">0</subfield>
    <subfield code="o">B 891.44092 ROS V-3 1969</subfield>
    <subfield code="r">2017-03-01 00:00:00</subfield>
    <subfield code="t">C-2</subfield>
    <subfield code="w">2017-03-01</subfield>
    <subfield code="y">BK</subfield>
  </datafield>
  <datafield tag="952" ind1=" " ind2=" ">
    <subfield code="0">0</subfield>
    <subfield code="1">0</subfield>
    <subfield code="2">ddc</subfield>
    <subfield code="4">0</subfield>
    <subfield code="7">1</subfield>
    <subfield code="8">NFIC</subfield>
    <subfield code="a">RUCL</subfield>
    <subfield code="b">RUCL</subfield>
    <subfield code="c">Reading</subfield>
    <subfield code="d">1973-05-26</subfield>
    <subfield code="e">1973-05-26</subfield>
    <subfield code="f">Sonhoti</subfield>
    <subfield code="l">0</subfield>
    <subfield code="o">B 891.44092 ROS V-1 1965</subfield>
    <subfield code="r">2021-08-25 00:00:00</subfield>
    <subfield code="t">C-1</subfield>
    <subfield code="w">2021-08-25</subfield>
    <subfield code="y">BK</subfield>
  </datafield>
</record>
